Responses for show #6860 - Friday, June 13, 2014

Mike Janela of Guinness World Records presents Alex Trebek with a framed certificate recognizing his hosting record: "The most gameshow episodes hosted by the same presenter (same program) is 6,829 by Alex Trebek on 'Jeopardy!' in Culver City, California, USA as of 17 April 2014".

Contestants

Whitney Marshall, a software engineer from Overland Park, Kansas

Shelby O'Neill, a freelance writer and editor from Austin, Texas

Katie Frank, a graduate student in communications studies from Poway, California (whose 1-day cash winnings total $30,200)

Jeopardy! Round responses

A PAGEANT OF ROYALTY
"O" YES
HISTORIC TV
U.S. FRANCHISES
LITERATURE
HAPPY HOLIDAY!
    $200 26
Isabella

Katie
    $200 24
an ounce

Whitney
    $200 1
Roots

Katie
    $200 13
McDonald's

Shelby
    $200 6
War & Peace

Katie
    $200 11
Martin Luther King Day

Shelby
    $400 27
Grace Kelly

Shelby
    $400 21
(Alex: Yes, 11.)

once

Katie
    $400 2
The Real World

Shelby
    $400 14
Supercuts

Shelby
    $400 7
One Flew Over the Cuckoo's Nest

Shelby
    $400 12
Constitution Day

Whitney
    $600 28
Cleopatra

Katie
    $600 22
the ocarina

Katie
    $600 3
All In The Family

Katie
    $1,000 15
Subway

Shelby
    $600 8
On The Road

Katie
    $600 18
the Dominican Republic

Shelby
    $800 29
Eleanor (of Aquitaine)

Katie
    $800 23
an oligarchy

Whitney
    $800 4
(David) Brinkley

Katie
    $800 16
AM-PM

Katie
    $800 9
Venice

Katie
    $800 19
Egypt

Whitney
    $1000 30
Beatrix

Katie
    $1000 25
an oratory

Whitney
    $1000 5
(Shelby: Who is Sidney Portier?)

Bill Cosby

KatieShelby
    $1000 17
Hampton Inn

Katie
    $1000 10
Pillars

Katie
    $1000 20
(Shelby: What is Independence Day?)

Flag Day

Shelby
Triple Stumper

Scores at the first commercial break (after clue 15):

Katie Shelby Whitney
$5,200 $1,600 $400

Scores at the end of the Jeopardy! Round:

Katie Shelby Whitney
$10,600 $1,600 $3,200

Double Jeopardy! Round responses

MY DINNER WITH ANDRE
SPOILER MOVIE TITLES
"CO"NCERNING SCIENCE
OPERA CHARACTERS
BOROUGH IN!
THESAURUS WORDS
(Alex: Each correct response will be made up of the letters in the word "Thesaurus".)
    $400 12
Andre the Giant

Whitney
    $400 1
Death of a Salesman

Whitney
    $400 15
a conductor

Whitney
    $400 10
Aida

Katie
    $400 30
Alaska

Whitney
    $400 4
to assure

Whitney
    $800 17
Andre Agassi

Whitney
    $800 9
Saving Private Ryan

Katie
    $800 14
a coagulate

Whitney
    $800 11
(Whitney: Who are Tristan and Isolde?)

Hansel & Gretel

ShelbyWhitney
    $800 29
Montreal

Shelby
    $800 5
an usher

Shelby
    $1200 18
(Andre) Maginot

Whitney
    $1200 8
Kill Bill

Katie
    $1200 13
collagen

Whitney
    $3,000 21
Carmen

Katie
    $1200 26
Parliament

Whitney
    $1200 28
to sauté

Whitney
    $1600 19
Ampere

Whitney
    $1600 7
(Kate: What is Zero Dark Thirty?)

Lone Survivor

Katie
Triple Stumper
    $5,600 3
a control group

Whitney
    $1600 22
Rigoletto

Triple Stumper
    $1600 25
(Kate: What is the Meadowlands?)
(Shelby: What is Newark?)

East Rutherford

KatieShelby
Triple Stumper
    $1600 27
Russet

Katie
    $2000 20
André Previn

Katie
    $2000 6
Four Weddings and a Funeral

Katie
    $2000 2
cohesion

Whitney
    $2000 23
Igor

Triple Stumper
    $2000 24
(Whitney: What is Scotland?)
(Shelby: What is Ireland?)

Wales

ShelbyWhitney
Triple Stumper
    $2000 16
a rhesus (monkey)

Whitney

Scores at the end of the Double Jeopardy! Round:

Katie Shelby Whitney
$18,400 $400 $20,000

[wagering suggestions for these scores]

Final Jeopardy! Round responses

FOREIGN AFFAIRS
(Alex: [To Katie] No, 1979, you're a little too early there.)
ShelbyWhat is North Vietnam?
$0
KatieWhat is East Germany?
$10,000
WhitneyWhat is Zaire?
$16,801
Iran

Final scores:

Katie Shelby Whitney
$8,400 $400 $3,199
2-day champion: $38,600 3rd place: $1,000 2nd place: $2,000

Game dynamics:

Coryat scores:

Katie Shelby Whitney
$16,600 $0 $16,000
23 R
(including 1 DD),
2 W
11 R
(including 1 DD),
4 W
20 R
(including 1 DD),
2 W

Combined Coryat: $32,600

The J! Archive is created by fans, for fans. The Jeopardy! game show and all elements thereof, including but not limited to copyright and trademark thereto, are the property of Jeopardy Productions, Inc. and are protected under law. This website is not affiliated with, sponsored by, or operated by Jeopardy Productions, Inc. Join the discussion at JBoard.tv.